Statistiken für Hamburger SV - Bundesliga-Rekordspieler (TOP 50)

Klicken Sie hier um das Quiz zu spielen!

Allgemein

  • Dieses Quiz wurde 86 mal gespielt
  • Das Durchschnittsergebnis liegt bei 18 aus 50

Antwortstatistiken

PlatzNameNationGeburtstagEinsätze% Korrekt
13Uwe SeelerDeutschland05.11.1936239
95%
39Rafael van der VaartNiederlande / Spanien11.02.1983152
89%
37Horst HrubeschDeutschland17.04.1951159
84%
6Felix MagathDeutschland26.07.1953306
71%
33Sergej BarbarezBosnien-Herzegowina / Deutschland17.09.1971174
71%
10David JarolimTschechien17.05.1979257
68%
1Manfred KaltzDeutschland06.01.1953581
68%
47Paolo GuerreroPeru01.01.1984134
68%
40Marcell JansenDeutschland04.11.1985152
61%
28Piotr TrochowskiDeutschland22.03.1984180
60%
43Frank RostDeutschland30.06.1973149
52%
36Heiko WestermannDeutschland14.08.1983159
52%
20Mehdi MahdavikiaIran24.07.1977211
52%
45Collin BenjaminNamibia03.08.1978146
50%
48Hans Jörg ButtDeutschland28.05.1974133
45%
2Thomas von HeesenDeutschland01.10.1961368
45%
14Ulrich SteinDeutschland23.10.1954228
44%
49Dennis AogoDeutschland / Nigeria14.01.1987133
40%
44Joris MathijsenNiederlande05.04.1980148
40%
3Ditmar JakobsDeutschland28.08.1953323
37%
15Gert DörfelDeutschland18.09.1939224
37%
34Dennis DiekmeierDeutschland20.10.1989173
35%
29Nico-Jan HoogmaNiederlande26.10.1968177
35%
27Jimmy HartwigDeutschland05.10.1954182
32%
22Bernd HollerbachDeutschland08.12.1969198
31%
8Richard GolzDeutschland05.06.1968273
31%
11Rudi KargusDeutschland15.08.1952254
31%
26Bernd WehmeyerDeutschland06.06.1952183
29%
19Willi SchulzDeutschland04.10.1938211
27%
4Harald SpörlDeutschland31.10.1966321
26%
5Peter NoglyDeutschland14.01.1947320
26%
32Dietmar BeiersdorferDeutschland16.11.1963174
24%
17Georg VolkertDeutschland28.11.1945214
24%
46Jan FurtokPolen / Deutschland09.03.1962135
24%
41Andreas FischerDeutschland20.10.1964152
19%
31Willi ReimannDeutschland24.12.1949175
19%
7Caspar MemeringDeutschland01.06.1953303
16%
24Jürgen HartmannDeutschland27.10.1962189
16%
25Ole BjörnmoseDänemark07.05.1944186
16%
18Peter HidienDeutschland14.11.1953214
15%
42Ingo HertzschDeutschland22.07.1977151
13%
50Bastian ReinhardtDeutschland19.11.1975132
11%
38Jürgen GrohDeutschland17.07.1956154
11%
35Özcan ArkocTürkei / Deutschland02.10.1939159
11%
16Carsten KoberDeutschland11.10.1967223
8%
21Franz-Josef HönigDeutschland10.07.1942205
6%
30Hans-Jürgen RippDeutschland24.06.1946177
6%
9Klaus ZaczykDeutschland25.05.1945262
6%
23Helmut SandmannDeutschland21.12.1944195
5%
12Jürgen KurbjuhnDeutschland26.07.1940242
5%

Verteilung der Resultate

Perzentil nach korrekt beantworteten Fragen

Anzahl Personen mit jedem Resultat

Ihre Resultats-Entwicklung

Sie haben dieses Quiz noch nicht gespielt